000 00743nam a2200229Ia 4500
003 OSt
005 20251215145221.0
008 210716s2016 xx 000 0 und d
020 _a9781785885433
040 _cAIMIT LIBRARY
041 _aeng
082 _a005.763
_bSHEA
100 _aSherif, Ahmed.
_9249168
245 _aPractical business intelligence:
_blearn to get the most out of your business data to optimize your business /
_cBy Ahmed Sherif.
250 _a1st ed.
260 _aMumbai :
_bPackt Publishing Ltd ,
_c2016.
300 _av,334 p.;
_bPB
_c24.5 cm.
650 _aWeb scraping
_9249169
650 _aForecasting with R
_9249170
650 _aCreating Bar charts with d3.js
_9249171
942 _2ddc
_cBK
_k005.763 SHEA
999 _c196841
_d196841